| 000 | 00366nam a2200121Ia 4500 | ||
|---|---|---|---|
| 008 | 220204s9999 xx 000 0 und d | ||
| 082 |
_a631:911 _bNOO.1 |
||
| 245 | 0 | _aPerspectives in agricultural geography: The field of agricultural geography. V 1. | |
| 260 |
_aNew Delhi _bConcept _c1981 |
||
| 650 | _aAgricultural geography | ||
| 700 | _aNOOR MOHAMMAD | ||
| 942 | _cBK | ||
| 999 |
_c36595 _d36595 |
||